| 000 | 00766am a2200241a 44500 | ||
|---|---|---|---|
| 003 | AR-BaBNM | ||
| 005 | 20251128210836.0 | ||
| 008 | 171020s1998 #AR|||||||||||000 | spa|| | ||
| 020 | _a950-701-092-0 | ||
| 040 | _cAR-BaBNM | ||
| 100 | 1 | _aForero, María Teresa | |
| 245 | 1 | 0 |
_aOrtografón _blibraco ideado especialmente para combatir con humor todas las faltas de ortografía y enriquecer el lenguaje |
| 260 |
_aBuenos Aires _bAique _c1998 |
||
| 300 |
_a176 p. _bil., tablas, gráfs. |
||
| 500 | _aContiene índice ortográfico de términos | ||
| 650 | 4 | _aENSEÑANZA DE LA ORTOGRAFIA | |
| 650 | 4 | _aACENTUACION | |
| 650 | 4 | _aJUEGOS EDUCATIVOS | |
| 650 | 4 | _aACTIVIDADES DE APRENDIZAJE | |
| 653 | _aENSENANZA DE LA LENGUA | ||
| 942 | _cBK | ||
| 998 | _cRAQUEL | ||
| 999 |
_c17154 _d17154 |
||